| 000 | 00585nam a2200217Ia 4500 | ||
|---|---|---|---|
| 005 | 20250508164630.0 | ||
| 008 | 008 250505s9999 xx 000 0 hin d | ||
| 037 | _aTextual | ||
| 040 |
_aFEDL _beng _cFEDL |
||
| 041 |
_ahin _2eng |
||
| 084 |
_a500, TAT _qFEDL |
||
| 100 |
_aKrishan Gopal Tr. _9778666 |
||
| 245 | 0 | _aTathyon evam ankadon ka sachitra vishwakosh | |
| 260 |
_aNew Delhi, India _bOrient Longman Ltd. _c1992 |
||
| 300 | _a321p | ||
| 365 |
_aINR _b130 |
||
| 546 | _aMACESE | ||
| 650 | _aScience | ||
| 942 |
_cTEXL _h500, TAT |
||
| 999 |
_c1390243 _d1390243 |
||